000 00323nam a2200133Ia 4500
008 100328s9999 xx 000 0 und d
082 _b16142
100 _aHyde H. Montgornery
245 _aThe Quiet Canadia
260 _bHamish Hamilton
630 _aThe Quiet Canadia
730 _aThe Quiet Canadia
942 _cBOOK
999 _c510863
_d510860